ACS Chemical Biology
| Định dạng: | Số seri |
|---|---|
| Ngôn ngữ: | Undetermined |
| Được phát hành: |
American Chemical Society
|
| Những chủ đề: | |
| Truy cập trực tuyến: | http://pubs.acs.org/journals/acbcct/ |
| LEADER | 00394cas a2200145 4500 | ||
|---|---|---|---|
| 008 | 101111s9999 xx 000 0 und d | ||
| 022 | 0 | |a 1554-8937 | |
| 245 | 0 | 0 | |h [Electronic Respource] |a ACS Chemical Biology |
| 260 | |a American Chemical Society | ||
| 310 | |a 12 | ||
| 362 | 0 | |a 2006-present | |
| 500 | |a 2006-present | ||
| 650 | 0 | |a Chemistry | |
| 856 | 4 | |u http://pubs.acs.org/journals/acbcct/ | |
| 999 | |c 10063 |d 10063 | ||